| 000 | 01122nam1a2200325 i 4500 | ||
|---|---|---|---|
| 001 | RU\NLR\bibl\328592 | ||
| 005 | 20260405073220.0 | ||
| 010 | _a5-7107-5793-4 | ||
| 035 | _a(NLR Aleph) 000323571 | ||
| 090 |
_a112466 _c112466 |
||
| 100 | _a20021031g20029999d y0rusy50 ca | ||
| 101 | 0 | _arus | |
| 102 | _aRU | ||
| 105 | _a||||j ||||| | ||
| 200 | 1 |
_aЧтение и литература _e3 кл. _eУчеб. для четырехлет. нач. шк. _e[В 2 ч.] _fО.В. Джежелей |
|
| 205 | _a2-е изд., стер. | ||
| 210 |
_aМ. _cДрофа _d2002 |
||
| 215 | _d22 | ||
| 300 | _aНа обл. авт. не указан | ||
| 463 | 0 | _1001319202 | |
| 463 | 0 | _1001324312 | |
| 606 | 0 |
_aРусский язык _jХрестоматии _91533567 _3RU\NLR\auth\66969347 |
|
| 686 | _aШ141.12-922.1[3]хрест | ||
| 700 | 1 |
_4070 _8rus _7ca _aДжежелей _bО.В. _gОльга Валентиновна _3RU\NLR\auth\7720364 _93432 |
|
| 801 | 0 |
_aRU _bNLR _c20021031 _gPSBO |
|
| 801 | 1 |
_aRU _bNLR _c20021031 |
|
| 830 | _aАвт. по кн. | ||
| 852 |
_aNLR _j2002-5/5825 |
||
| 942 | _cBOOK | ||